Japan, race, and equality (Record no. 31490)
[ view plain ]
| 000 -LEADER | |
|---|---|
| fixed length control field | 01404nam a2200349 a 4500 |
| 082 04 - DEWEY DECIMAL CLASSIFICATION NUMBER | |
| Classification number | 327.52 |
| 100 1# - MAIN ENTRY--AUTHOR NAME | |
| Personal name | Shimazu, Naoko, |
| 245 10 - TITLE STATEMENT | |
| Title | Japan, race, and equality |
| 260 ## - PUBLICATION, DISTRIBUTION, ETC. (IMPRINT) | |
| Place of publication | London : |
| -- | New York : |
| Name of publisher | Routledge, |
| Year of publication | 2003. |
| 300 ## - PHYSICAL DESCRIPTION | |
| Number of Pages | xi, 255 p. |
| 490 1# - SERIES STATEMENT | |
| Series statement | Nissan Institute/Routledge Japanese studies series |
| 650 #0 - SUBJECT ADDED ENTRY--TOPICAL TERM | |
| Topical Term | World War, 1914-1918 |
| Topical Term | Japanese |
| 856 40 - ELECTRONIC LOCATION AND ACCESS | |
| Uniform Resource Identifier | http://site.ebrary.com/lib/rucke/Doc?id=10070678 |
No items available.
